Código de comercio de la República Argentina (Registro nro. 167726)

Detalles MARC
000 -ENCABEZADO
Número de control [NR] 01604cam a2200265 a 4500
008 - DE LONGITUD FIJA DE DATOS DE ELEMENTOS - INFORMACIÓN GENERAL
Elementos de longitud fija [NR] 890717s1887 cl fr ????1????? d
040 ## - FUENTE DE CATALOGACION [NR]
Agencia de catalogación original [NR] la
Quien Cataloga Sandra Yazo (modificó)
Idioma de catalogación [NR] spa
Quien Clasifica Sandra Yazo (modificó)
041 0# - CODIGO DE IDIOMA [R]
Código de idioma para texto/pista de sonido o título separado [R] Español
082 04 - NUMERO DE CLASIFICACION DECIMAL DEWEY [R]
Número de clasificación [R] 346.0782
Número de la edición [NR] 20
092 ## - SIGNATURA TOPOGRAFICA LOCAL
Número de clasificación local E27N039
110 0# - ASIENTO PRINCIPAL--NOMBRE CORPORATIVO [NR]
Nombre corporativo o de jurisdicción como elemento de entrada [NR] Argentina
ID de autoridad 39344
130 ## - ASIENTO PRINCIPAL--TITULO UNIFORME [NR]
Título uniforme [NR] Argentina
9 (RLIN) 39344
245 10 - MENCION DE TITULO [NR]
Título [NR] Código de comercio de la República Argentina
Parte restante del título [NR] seguido de un apéndice...
250 ## - MENCION DE EDICION [NR]
Mención de edición [NR] 4a. ed.
Resto de la mención de edición [NR] corregida y aumentada
260 ## - PUBLICACION, DISTRIBUCION, ETC. (PIE DE IMPRENTA) [R]
Lugar de publicación, distribución, etc. [R] Buenos Aires
Nombre del editor, distribuidor, etc. [R] Felix Lajouane
Fecha de publicación, distribución, etc. [R] 1887
300 ## - DESCRIPCION FISICA [R]
Extensión [R] 478 p.
Dimensiones [R] 24 x 16 cm.
490 #0 - MENCION DE SERIE [R]
Mención de serie [R] Colección de códigos y leyes usuales
-- 39359
500 ## - NOTA GENERAL [R]
Nota general [NR] Detalles físicos: Encuadernación rígida en cartón forrado en tela. Tapa con repujados letras y adornos en negro. Guardas. Anteportada. Portada impresa en una sola tinta. Texto en una columna. Papel con algunas manchas.
505 0# - NOTA DE CONTENIDO CON FORMATO PREESTABLECIDO [R]
Nota de contenido con formato preestablecido [NR] Libro primero de las personas del comercio. ; Libro segundo de los contratos de comercio. ; Libro tercero de los derechos y obligaciones que resultan de la navegación. ; Libre cuarto de la insolvencia de los comerciantes. ; Apéndice: ordenanzas par el régimen de las aduanas en la república Argentina. ; Warrants ley sobre certificados de depósito. ; Ley de patentes de invención. ; Ley sobre marcas de fábrica y de comercio. ; Reglamento de la bolsa de comercio de Buenos Aires.
506 ## - NOTA DE RESTRICCIONES DE ACCESO [R]
Condiciones de acceso [NR] Consulta en sala.
650 #6 - ASIENTO SECUNDARIO DE MATERIA - TERMINO TEMATICO [R]
Término temático o nombre geográfico como elemento de entrada [NR] Derecho comercial
Subdivisión general [R] Legislación
Subdivisión geográfica [R] Argentina.
9 (RLIN) 39360
651 ## - ASIENTO SECUNDARIO DE MATERIA - NOMBRE GEOGRAFICO [R]
Nombre geográfico [NR] Argentina
Subdivisión general [R] Comercio
-- Legislación
9 (RLIN) 39361
690 ## - ASUNTO AGREGADO LOCAL DE ENTRADA - TÉRMINO TEMÁTICO (OCLC, RLIN)
Acceso temático local Derecho
942 ## - ELEMENTOS DE ENTRADA AGREGADOS (KOHA)
Tema principal 8
Tipo de ítem principal el descrito en 300a Libro
Edición 1
Sistema de clasificación DEWEY
Clasificación 346.0782
Existencias
Suprimido Perdido Sistema de clasificación Dañado No prestable Tipo de ítem específico Ubicación habitual Ubicación actual Localización Fecha de creación Forma de adquisición Costo Total préstamos Signatura topográfica Código de barras Última vez visto Ejemplar Price effective from Tipo de ítem
    LOCAL     Libro archivo Archivo Histórico Archivo Histórico Archivo histórico 18/06/2013 Donación 0.00   E27N039 L003914 18/06/2013 Ej.1 18/06/2013 Libro